000 00641nam a2200229 a 4500
003 CBULib
005 20260520091023.0
008 120416s0000 ||||||||||||||||| || u
020 _a0727807447
040 _bEnglish
_cCBULib
_erda
041 _aeng
050 _aPR 6069.I4S5
100 _aSmith, Frederick E
245 1 0 _a633 squadron
_c/ by Frederick E Smith
260 _aLondon:
_bSevern House,
_c1981.
300 _a235 pages
336 _2rdacontent
_aText |
_btxt
337 _2rdamedia
_aUnmediated |
_bn
338 _2rdacarrier
_aVolume
_bnc
942 _2lcc
_c002
999 _c33146
_d33146